Online
Catalog

De la modernidad al abismo : (Record no. 37773)

MARC details
000 -CABECERA
campo de control de longitud fija 00458nam a2200145 a 4500
001 - NÚMERO DE CONTROL
campo de control 000038283
005 - FECHA Y HORA DE LA ÚLTIMA TRANSACCIÓN
campo de control 20201002031221.0
008 - DATOS DE LONGITUD FIJA--INFORMACIÓN GENERAL
campo de control de longitud fija 130408s2007 dr 000 0 spa d
040 ## - FUENTE DE LA CATALOGACIÓN
Centro catalogador/agencia de origen DO-SdBNP
Lengua de catalogación spa
Centro/agencia transcriptor BNPHU
100 1# - ENTRADA PRINCIPAL--NOMBRE DE PERSONA
Nombre de persona Santana Castillo, Jorge
9 (RLIN) 43312
245 10 - MENCIÓN DE TÍTULO
Título De la modernidad al abismo :
Resto del título reflexiones sociofilosóficas /
Mención de responsabilidad, etc. Jorge Santana Castillo.
250 ## - MENCIÓN DE EDICIÓN
Mención de edición 2a ed.
260 ## - PUBLICACIÓN, DISTRIBUCIÓN, ETC.
Lugar de publicación, distribución, etc. Santo Domingo :
Nombre del editor, distribuidor, etc. La Escalera ,
Fecha de publicación, distribución, etc. 2007.
300 ## - DESCRIPCIÓN FÍSICA
Extensión 227 p. : ;
Dimensiones 21 cm.
Holdings
Estado de retiro Estado de pérdida No para préstamo Código de colección Localización permanente Ubicación/localización actual Ubicación en estantería Fecha de adquisición Número de inventario Total de préstamos Signatura topográfica completa Código de barras Fecha visto por última vez Precio válido a partir de Tipo de ítem Koha Número de copia
    Excluido de préstamo Patrimonio Dominicano Patrimonio Dominicano Patrimonio Dominicano Depósito 08.04.2013 LF1   38283-10 25.06.2020 25.06.2020 Libro y Folleto Colección Patrimonio Dominicano  
    Excluido de préstamo Patrimonio Dominicano Patrimonio Dominicano Patrimonio Dominicano Depósito 10.06.2013 LF1   38283-20 25.06.2020 25.06.2020 Libro y Folleto Colección Patrimonio Dominicano e. 2

Powered by Koha